01005nam a2200265Ia 4500003000400000005001700004008004100021020001800062040001800080041000800098082002000106100003300126245009200159250001200251260003400263300003100297650004800328650004600376650003300422700003800455700002500493942002900518999001900547952017300566OSt20251106160509.0210716s2012 xx 000 0 und d a9788131727256 cAIMIT LIBRARY aeng a005.824b PFLC aPfleeger, Charles P.9244447 aSecurity in computing /cBy Charles P Pfleeger, Shari Lawrence Pfleeger and Deven Shah. a4th ed. aNew Delhi :bPearson ,c2012. axxvii,868p. ;bPBc24.6 cm aDesigning trusted operating systems9244448 aDatabase and data mining security9244449 aSecurity in networks9244450 aPfleeger, Shari Lawrence.9244451 aShah, Deven.9244452 2ddccBKe4thk005.8 PFLC c193628d193628 00102ddc40708MCAaAIMITbAIMITeHigginbothams Pvt Ltdg599.00iBill no:835; Bill dt:2013-08-19l0o005.8 PFLCpMCA13136r2025-07-21 00:00:00v449.25w2021-07-16yBK